Statistics for Demonyms #1

Click here to take the quiz!

General Stats

  • This quiz has been taken 10 times
  • The average score is 10 of 20

Answer Stats

RegionAnswer% Correct
BrazilBrazilian
100%
JapanJapanese
100%
PeruPeruvian
100%
DenmarkDanish
89%
WalesWelsh
89%
IowaIowan
89%
PakistanPakistani
89%
NauruNauruan
67%
KosovoKosovar
67%
ParaguayParaguayan
67%
CongoCongolese
44%
SeychellesSeychellois
22%
WalloniaWalloon
22%
SaskatchewanSaskatchewanian
11%
BrusselsBrusselian
11%
TokyoEdokko
11%
SaharaSahrawi
11%
AtlantisAtlantean
11%
Buenos AiresBonaerense
0%
WarsawVarsovian
0%

Score Distribution

Percentile by Number Answered

Percent of People with Each Score

Your Score History

You have not taken this quiz